00510nam a22001937a 4500003000400000020001800004082001900022245003300041260002600074300001500100440004700115546001200162650002300174650002500197650002000222650002400242650002900266700002100295OSt a9781412996808 a664.03bMUL/GR aGreen food:ban A to Z guide aNew DelhibSagec2011 avii, 518p. aGreen society: toward a sustainable future aEnglish aAgrarian diversity aAgrarian transitions aOrganic farmers aHolistic management aNational organic program aMulvaney, Dustin